Central Library OPAC University of Rajshahi

International Migration and Labour Rights : (Record no. 79346)

MARC details
000 -LEADER
fixed length control field 01087nam a2200277 a 4500
001 - CONTROL NUMBER
RUCL Control Number 79346
003 - CONTROL NUMBER IDENTIFIER
rucl marc code BD-RjUL
005 - DATE AND TIME OF LATEST TRANSACTION
control field 20241203171633.0
008 - FIXED-LENGTH DATA ELEMENTS--GENERAL INFORMATION
fixed length control field 220208s2007eng |||a|||| m||| 00| 0 eng d
035 ## - SYSTEM CONTROL NUMBER
system control number (BD-RjUL)79346
040 ## - CATALOGING SOURCE
Original cataloging agency BD-RjUL
Language of cataloging eng
Transcribing agency BD-RjUL
Modifying agency BD-RjUL
041 ## - LANGUAGE CODE
Language code of Book eng
082 ## - DEWEY DECIMAL CLASSIFICATION NUMBER
Classification number 304.82
Author mark and Year FAI 2007
DDC Edition number 23
100 ## - MAIN ENTRY--PERSONAL NAME
Personal name Faruque, Omar, Md.
9 (RLIN) 1224
245 ## - TITLE STATEMENT
Title International Migration and Labour Rights :
Remainder of title Obligations, Challnges and policy options for Bangladesh /
Statement of responsibility, etc Md. Omar Faruque ;
Name of Supervisor/Co-Supervisor Supervisor : A H M Zehadul Karim
260 ## - PUBLICATION, DISTRIBUTION, ETC. (IMPRINT)
Place of publication, distribution, etc Rajshahi :
Name of publisher, distributor, etc Institute of Bangladesh Studies, University of Rajshahi,
Date of publication, distribution, etc 2007
300 ## - PHYSICAL DESCRIPTION
Pagination xxv, 411 Leaves :
Other physical details ill. ;
Dimensions 30 cm.
502 ## - DISSERTATION NOTE
Dissertation note Thesis (Ph. D.) -- Institute of Bangladesh Studies, University of Rajshahi, 2007
504 ## - BIBLIOGRAPHY, ETC. NOTE
Bibliography, etc Bibliography : Leaves [372]-391
600 ## - SUBJECT ADDED ENTRY--PERSONAL NAME
Chronological subdivision
Geographic subdivision .
-- 14552
650 ## - SUBJECT ADDED ENTRY--TOPICAL TERM
Topical term or geographic name as entry element Migrant worker.
9 (RLIN) 2533
Topical term or geographic name as entry element Workers rights
9 (RLIN) 2534
651 ## - SUBJECT ADDED ENTRY--GEOGRAPHIC NAME
Geographic name Bangladesh
General subdivision Emigration and immigration
-- Economic aspects.
9 (RLIN) 2528
700 ## - ADDED ENTRY--SUPERVISOR/CO-SUPERVISOR NAME
Personal name Karim, A H M Zehadul, Supervisor
9 (RLIN) 1226
942 ## - ADDED ENTRY ELEMENTS (KOHA)
Source of classification or shelving scheme Dewey Decimal Classification
Koha item type Theses
Holdings
Source of classification or shelving scheme Damaged status Not for loan Collection code Permanent Location Current Location Shelving location Date of accession Source of acquisition Total Checkouts Full call number Barcode Date last seen Copy number Thesis
Dewey Decimal Classification   Not For Loan Theses Central Library, University of Rajshahi Central Library, University of Rajshahi Documentation Section 22/04/2008 Controller of Exam., R.U   THE 304.82 FAI 2007 D2865 08/02/2022 C-1 Theses